书目信息 |
| 题名: |
夜间摄影
|
|
| 作者: | 拉格 , 伍德 著 ;薛林 , 杨丽杰 译 | |
| 分册: | ||
| 出版信息: | 沈阳 辽宁美术出版社 2000.01 |
|
| 页数: | 160页 | |
| 开本: | 26cm | |
| 丛书名: | 专业摄影照明系列 | |
| 单 册: | ||
| 中图分类: | J417 | |
| 科图分类: | ||
| 主题词: | 夜间摄影-摄影技术 , 摄影技术-夜间摄影 | |
| 电子资源: | ||
| ISBN: | 7-5314-2331-6 | |
| 000 | 00931oam2 2200301 45 | |
| 001 | 012000017657 | |
| 005 | 20070613090241.86 | |
| 010 | @a7-5314-2331-6@dCNY90.00 | |
| 100 | @a20000409d2000 em y0chiy0121 ea | |
| 101 | 1 | @achi@ceng |
| 102 | @aCN@b210000 | |
| 105 | @aa z 000yy | |
| 200 | 1 | @a夜间摄影@AYe Jian She Ying@f(英)亚历克斯·拉格,(英)简·伍德著@F( Ying ) Ya Li Ke Si· La Ge, ( Ying ) Jian· Wu De Zhu@g薛林,杨丽杰译 |
| 210 | @a沈阳@c辽宁美术出版社@d2000.01 | |
| 215 | @a160页@d26cm | |
| 225 | 2 | @a专业摄影照明系列 |
| 300 | @a由版权所有人授权出版 | |
| 410 | 0 | @12001 @a专业摄影照明系列 |
| 606 | @a夜间摄影-摄影技术 | |
| 606 | @a摄影技术-夜间摄影 | |
| 690 | @aJ417@v4 | |
| 701 | 1 | @a拉格@ALa Ge@b亚历克斯@4著 |
| 701 | 1 | @a伍德@AWu De@b简@4著 |
| 702 | 0 | @a薛林@AXue Lin@4译 |
| 702 | 0 | @a杨丽杰@AYang Li Jie@4译 |
| 801 | 0 | @aCN@bNLC@c20070613 |
| 905 | @aBZT@dJ417@e1 | |
| 906 | @dCNY90.00@n0@r1 | |
| 夜间摄影/(英)亚历克斯·拉格,(英)简·伍德著/薛林,杨丽杰译.-沈阳:辽宁美术出版社,2000.01 |
| 160页;26cm.-(专业摄影照明系列) |
| 由版权所有人授权出版 |
| ISBN 7-5314-2331-6:CNY90.00 |
| ● |
| 相关链接 |
|
|
|
正题名:夜间摄影
索取号:J417/1
 
预约/预借
| 序号 | 登录号 | 条形码 | 馆藏地/架位号 | 状态 | 备注 |
| 1 | 554606 | 230135859 | 中心书库中库/ 中库019架A面1列5层29/ [索取号:J417/1] | 在馆 | |
| 2 | 554607 | 230135864 | 中心书库中库/ 中库016架B面2列6层19/ [索取号:J417/1] | 在馆 | |
| 3 | 554608 | 230135858 | 中心书库中库/ 中库019架A面3列5层13/ [索取号:J417/1] | 在馆 | |
| 4 | 554609 | 230135867 | 中心书库中库/ 中库019架A面3列5层18/ [索取号:J417/1] | 在馆 | |
| 5 | 554610 | 230135866 | 中心书库中库/ 中库019架A面3列5层14/ [索取号:J417/1] | 在馆 | |
| 6 | 554611 | 230135865 | 中心书库中库/ 中库019架A面3列5层15/ [索取号:J417/1] | 在馆 | |
| 7 | 554612 | 230135863 | 中心书库中库/ 中库019架A面3列5层12/ [索取号:J417/1] | 在馆 | |
| 8 | 554613 | 230135862 | 中心书库中库/ 中库019架A面3列5层17/ [索取号:J417/1] | 在馆 | |
| 9 | 554614 | 230135861 | 中心书库中库/ 中库019架A面3列5层11/ [索取号:J417/1] | 在馆 | |
| 10 | 554615 | 230135860 | 中心书库中库/ 中库019架A面3列5层16/ [索取号:J417/1] | 在馆 |